[Event "GER-chT U16"]
[Site "Willingen"]
[Date "2021.06.26"]
[Round "6.5"]
[White "Fricke, Janek Konrad"]
[Black "Rohe, Markus"]
[Result "1-0"]
[WhiteElo "1574"]
[BlackElo "1113"]
[PlyCount "67"]
[EventDate "2021.06.23"]
[EventType "team-swiss"]
[EventRounds "7"]
[EventCountry "GER"]
[SourceTitle "CBM 203 Extra"]
[Source "ChessBase"]
[SourceDate "2021.09.30"]
[SourceVersion "1"]
[SourceVersionDate "2021.09.30"]
[SourceQuality "1"]
[WhiteTeam "Berlin Empor"]
[BlackTeam "Muenster 32"]
[WhiteTeamCountry "GER"]
[BlackTeamCountry "GER"]

1. e4 e5 2. Nf3 Nc6 3. Bc4 Bc5 4. d3 h6 5. c3 Qf6 6. Bb3 d6 7. h3 Nge7 8. Nbd2 g5 9. Nf1 Ng6 10. g3 Bxh3 11. Rxh3 g4 12. Rxh6 Rxh6 13. Bxh6 gxf3 14. Be3 Bxe3 15. Nxe3 0-0-0 16. Nd5 Qg5 17. Qxf3 Rf8 18. Ke2 Nce7 19. Nf6 Nf4+ 20. gxf4 Qxf6 21. Qh3+ Kd8 22. f5 c6 23. Qe3 d5 24. Qxa7 Kc7 25. Qe3 Rg8 26. Rh1 Qg7 27. Qf3 f6 28. Qe3 Qg4+ 29. Kd2 Qg7 30. a4 Rd8 31. Kc2 d4 32. Qh6 Rg8 33. Bxg8 Qxg8 34. Qxf6 1-0